Mode of flow of Saskatchewan Glacier, Alberta, Canada.

Bibliographic Details
Main Author: Meier, Mark F., 1925-2012
Format: Government Document Book
Language:English
Published: Washington : U.S. Govt. Print. Off, 1960.
Series:Professional paper (Geological Survey (U.S.)) ; 351.
Subjects:

MARC

Tag First Indicator Second Indicator Subfields
LEADER 00000cam a22000001i 4500
001 in00002784584
005 20210320063135.0
008 780407s1960 dcuab b f000 0 eng
010 |a gs 60000205  
035 |a (OCoLC)ocm03787827 
035 |a (OCoLC)3787827 
040 |a DLC  |c CSU  |d DLC  |d IAS  |d COF  |d UtOrBLW 
042 |a premarc 
043 |a n-cn-ab 
049 |a TXAM 
050 0 0 |a QE75  |b .P9 no. 351 
082 0 |a 551.312 
086 0 |a I 19.16:351 
100 1 |a Meier, Mark F.,  |d 1925-2012. 
245 1 0 |a Mode of flow of Saskatchewan Glacier, Alberta, Canada. 
264 1 |a Washington :  |b U.S. Govt. Print. Off,  |c 1960. 
300 |a ix, 70 pages :  |b illustrations, maps (1 folded color) ;  |c 29 cm. 
336 |a text  |b txt  |2 rdacontent 
337 |a unmediated  |b n  |2 rdamedia 
338 |a volume  |b nc  |2 rdacarrier 
490 1 |a Geological Survey (U.S.). Professional paper ;  |v 351 
500 |a Part of illustrative matter fold. in pocket. 
500 |a "Measurement and analysis of ice movement, deformation, and structural features of a typical valley glacier." 
504 |a Bibliography : pages 67-68. 
651 0 |a Saskatchewan Glacier (Alta.) 
830 0 |a Professional paper (Geological Survey (U.S.)) ;  |v 351. 
948 |a cataloged  |b h  |c 2012/12/14  |d c  |e mvaldespin  |f 09:23:00 am 
994 |a C0  |b TXA 
999 |a MARS 
999 f f |s 1165ffa3-b47d-33e2-93be-ea1377afaff3  |i 8649438d-25a2-3be8-a55d-194cc243aec3  |t 0 
952 f f |p normal  |a Texas A&M University  |b College Station  |c Sterling C. Evans Library  |d Evans: US Documents (Annex 5th floor)  |t 0  |e I 19.16:350-352 A-I  |h Superintendent of Documents classification  |i unmediated -- volume  |m A14832129439 
952 f f |a Texas A&M University  |b College Station  |c Sterling C. Evans Library  |d Evans: US Documents (Annex 5th floor)  |t 0  |e I 19.16:350-352 A-I  |h Superintendent of Documents classification 
998 f f |a I 19.16:350-352 A-I  |t 0  |l Evans: US Documents (Annex 5th floor)